000 00398nam a2200157 4500
003 SEACOMEC
005 20250806150208.0
008 250806b |||||||| |||| 00| 0 eng d
020 _a978-8131770887
_c285
040 _aSEACOMEC
082 _a005.758
_bR263D
100 _aChhanda Ray
245 _aDistributed Database Systems
_cRay, Chhanda
260 _aNew Delhi
_bPearson
_cc2009
942 _cBOOK
999 _c2352
_d2352